Propeller blade vibration (Record no. 2702)

000 -LEADER
fixed length control field 00337nam a22001337a 4500
008 - FIXED-LENGTH DATA ELEMENTS--GENERAL INFORMATION
fixed length control field 200313b ||||| |||| 00| 0 eng d
082 00 - DEWEY DECIMAL CLASSIFICATION NUMBER
Classification number 62913436
Item number S5287
100 ## - MAIN ENTRY--PERSONAL NAME
9 (RLIN) 2314
Personal name Shannon, J. F.
245 10 - TITLE STATEMENT
Title Propeller blade vibration
260 ## - PUBLICATION, DISTRIBUTION, ETC. (IMPRINT)
Place of publication, distribution, etc London
Name of publisher, distributor, etc HMSO
Date of publication, distribution, etc 1950
300 ## - PHYSICAL DESCRIPTION
Extent 10 p.
650 #0 - SUBJECT ADDED ENTRY--TOPICAL TERM
Topical term or geographic name as entry element Propeller
942 ## - ADDED ENTRY ELEMENTS (KOHA)
Item type Books
Holdings
Withdrawn status Lost status Source of classification or shelving scheme Damaged status Not for loan Permanent location Current location Date acquired Source of acquisition Full call number Barcode Date last seen Koha item type
          IMU Kolkata IMU Kolkata 1954-03-26 A. H. Wheeler 62913436 S5287 02115 2020-03-13 Books
Designed and Maintained by IMU-KC Library, Kolkata Campus © Copyright All Rights Reserved

webs counters

Powered by Koha